| 000 | 01042cam a22002771 4500 | ||
|---|---|---|---|
| 001 | 75327 | ||
| 003 | BD-RjUL | ||
| 005 | 20211209082655.0 | ||
| 008 | 190305s1965 enkc 000 0 eng | ||
| 035 | _a(BD-RjUL) | ||
| 040 |
_aDLC/ICU _cICU _dDLC _beng |
||
| 041 | 1 | _aengger | |
| 082 |
_223 _a581.35 _bFIE 1965 |
||
| 100 | 1 |
_aMendel, Gregor, _d1822-1884. _9228974 |
|
| 245 | 1 | 0 |
_aExperiments in plant hybridisation./ _cGregor Mendel ; [Translation made by the Royal Horticultural Society of London] With a foreword by Paul C. Mangelsdorf. |
| 260 |
_aLondon : _bOliver & Boyd, _c1965. |
||
| 300 |
_avii, 95 p. _bport. ; _c23 cm. |
||
| 500 | _a"The original paper was published in the Verh. naturf. Ver. in Brunn, Abhandlungen, IV 1865, which appeared in 1866." | ||
| 650 | 0 |
_aPlant genetics. _9228975 |
|
| 650 | 0 |
_aPlant hybridization. _9228976 |
|
| 906 |
_a7 _bcbc _corignew _du _eocip _f19 _gy-gencatlg |
||
| 942 |
_2ddc _cBK |
||
| 999 |
_c75327 _d75327 |
||